Evaluating government schemes for promoting women entrepreneurship (Record no. 393512)
[ view plain ]
| 000 -LEADER | |
|---|---|
| fixed length control field | 00512nam a2200181 4500 |
| 005 - DATE & TIME | |
| control field | 20250915104712.0 |
| 008 - FIXED-LENGTH DATA ELEMENTS--GENERAL INFORMATION | |
| fixed length control field | 250915b |||||||| |||| 00| 0 eng d |
| 040 ## - CATALOGING SOURCE | |
| Original cataloging agency | VIVEKANANDA LIBRARY |
| 082 ## - DDC NUMBER | |
| Classification number | 658.403 |
| Book Number | P656E |
| 100 ## - MAIN ENTRY--PERSONAL NAME | |
| Personal name | Phogat, Ruchi |
| 245 ## - TITLE STATEMENT | |
| Title | Evaluating government schemes for promoting women entrepreneurship |
| 260 ## - PUBLICATION, DISTRIBUTION, ETC. (IMPRINT) | |
| Name of publisher, distributor, etc | Department of IMSAR, M D University, Rohtak |
| Date of publication, distribution, etc | 2024 |
| 300 ## - PHYSICAL DESCRIPTION | |
| Pages | xviii, 246 |
| 650 ## - Subject | |
| Subject | Management |
| 650 ## - Subject | |
| Subject | Women Entrepreneurship |
| 700 ## - Added Entry Personal Name | |
| Added Entry Personal Name | Rathee, Vijay |
| 942 ## - ADDED ENTRY ELEMENTS (KOHA) | |
| Koha item type | Thesis |
No items available.
